01198nam a2200265 a 4500001000800000005001700008008004100025041000800066044000700074050002100081100005800102245019500160260003600355300003300391440003400424500018900458500001000647504003600657650004600693651004100739902000800780942001100788999001500799952011800814BRL_37320190320210717.0050813s1955----gw-#######---#000-0#eng-# aeng agw 4aF1219b.T44 19551 aBurland, Cottie A.d1905-1983q(Cottie Arthur)92369410aThe Selden Rolleban Acient Mexican picture manuscript in the Bodleian library at OxfordcDescriptive Commentary by Cottie A. Burland, F.R.A.L, With a bibliography compiled by Gerdt Kutscher aBerlinbVerlag Gebr. Mannc1955 a50 p.bil.c32 p.e1 folleto 0aMonumenta Americanav2923695 aDie Selden Rolle; eine altmexikanische Bilderhandschrift in der Bodleian Library zu Oxford. Gekürzt aus dem Englischen übersetzt von Gerdt Kutscher (15 p. 21 cm.), dentro del libro aAu352 aIncluye bibliografía p. 43-5014aManuscritos mexicanosxFacsímiles95310 4aMéxicoxHistoriayHasta 151999704 aGRL 2lcccB c9186d9186 00104070aBRLbBRLd2013-08-05iAu352l0oF1219 .T44 1955 (Au352)pGRL00398r2019-03-22 00:00:00w2019-03-22yB